[Event "Paleochora op 16th"]
[Site "Paleochora"]
[Date "2023.07.21"]
[Round "4"]
[White "Ollenberger, Roland"]
[Black "Kalogeris, Ioannis"]
[Result "1-0"]
[WhiteElo "2288"]
[BlackElo "2434"]
[PlyCount "63"]
[EventDate "2023.07.19"]
[EventType "swiss"]
[EventRounds "9"]
[EventCountry "GRE"]
[SourceTitle "EXT 2024"]
[Source "ChessBase"]
[SourceDate "2023.10.10"]
[SourceVersion "1"]
[SourceVersionDate "2023.10.10"]
[SourceQuality "1"]

1. e4 e5 2. d4 exd4 3. Qxd4 Nc6 4. Qe3 Nf6 5. Nc3 Bb4 6. Bd2 0-0 7. 0-0-0 Re8 8. Qf4 Bxc3 9. Bxc3 Rxe4 10. Qg3 d5 11. f3 Re6 12. Ne2 Rd6 13. Nd4 Nxd4 14. Bxd4 Bf5 15. h4 h6 16. Qf4 Bh7 17. g4 Nd7 18. g5 Nf8 19. Qg3 h5 20. Bh3 Qe8 21. Rh2 Ne6 22. Be5 Ra6 23. a3 Qa4 24. g6 fxg6 25. Rxd5 Re8 26. f4 Qc4 27. Rd7 Rc6 28. f5 g5 29. hxg5 Bxf5 30. Qf3 Qh4 31. Qxf5 Rf8 32. Qxe6+ 1-0

[Event "Paleochora op 16th"]
[Site "Paleochora"]
[Date "2023.07.20"]
[Round "3"]
[White "Kalogeris, Ioannis"]
[Black "Tolmacevs, Artjoms"]
[Result "1-0"]
[WhiteElo "2434"]
[BlackElo "2024"]
[PlyCount "97"]
[EventDate "2023.07.19"]
[EventType "swiss"]
[EventRounds "9"]
[EventCountry "GRE"]
[SourceTitle "EXT 2024"]
[Source "ChessBase"]
[SourceDate "2023.10.10"]
[SourceVersion "1"]
[SourceVersionDate "2023.10.10"]
[SourceQuality "1"]

1. e4 c5 2. Nf3 d6 3. Bb5+ Nd7 4. a4 Ngf6 5. Nc3 e5 6. d3 Be7 7. h3 0-0 8. 0-0 h6 9. Nh2 a6 10. Bc4 Nb6 11. Ba2 Be6 12. a5 Nbd7 13. Bd2 Bxa2 14. Rxa2 Rc8 15. b3 Re8 16. Re1 Bf8 17. g3 g6 18. Ng4 Nxg4 19. hxg4 Bg7 20. Nd5 Rc6 21. Kg2 Nf6 22. g5 Nxd5 23. exd5 Rc7 24. gxh6 Bh8 25. h7+ Kxh7 26. Rh1+ Kg8 27. Qg4 Bf6 28. Qh3 Kf8 29. Qh6+ Bg7 30. Qh7 Qf6 31. Ra4 c4 32. Rxc4 Rxc4 33. bxc4 e4 34. dxe4 Rxe4 35. Bh6 Re2 36. Bxg7+ Qxg7 37. Qh4 g5 38. Qg4 Re8 39. Rh5 f6 40. Qf5 Kg8 41. Rh1 Re7 42. Qc8+ Kf7 43. Rh8 g4 44. c5 dxc5 45. d6 Qxh8 46. Qxh8 Rd7 47. Qc8 Ke6 48. Qxc5 Rxd6 49. Qc4+ 1-0

[Event "EU-ch 23rd"]
[Site "Vrnjacka Banja"]
[Date "2023.03.11"]
[Round "9"]
[White "Nesterov, Arseniy"]
[Black "Kalogeris, Ioannis"]
[Result "1/2-1/2"]
[WhiteElo "2568"]
[BlackElo "2409"]
[PlyCount "99"]
[EventDate "2023.03.03"]
[EventType "swiss"]
[EventRounds "11"]
[EventCountry "SRB"]
[SourceTitle "CBM 213"]
[Source "ChessBase"]
[SourceDate "2023.04.30"]
[SourceVersion "1"]
[SourceVersionDate "2023.04.30"]
[SourceQuality "1"]

1. d4 e6 2. c4 d5 3. Nc3 Nf6 4. cxd5 exd5 5. Bg5 c6 6. e3 Be7 7. Qc2 h6 8. Bf4 Be6 9. Bd3 Nbd7 10. Nf3 0-0 11. 0-0 Rc8 12. h3 c5 13. a3 c4 14. Bf5 Qb6 15. Bxe6 Qxe6 16. Ne5 Nxe5 17. Bxe5 Nd7 18. Bg3 f5 19. Rfe1 a6 20. f3 b5 21. Kh1 Bd6 22. Bxd6 Qxd6 23. e4 dxe4 24. fxe4 fxe4 25. Nxe4 Qg6 26. Qd2 Rcd8 27. Rad1 Rf5 28. Re3 Nf6 29. Qa5 Rf8 30. Rg3 Qh5 31. Nxf6+ R5xf6 32. Re1 Qd5 33. Re7 R8f7 34. Rxf7 Rxf7 35. Qb6 Qe4 36. Kh2 Kh7 37. Qxa6 Qxd4 38. Qg6+ Kg8 39. Qe6 Qf4 40. Qe8+ Kh7 41. Qxb5 Rf5 42. Qb6 Rg5 43. Qe3 Qb8 44. a4 Kh8 45. h4 Rg4 46. a5 Rxh4+ 47. Kg1 Qxb2 48. Qe8+ Kh7 49. Qg6+ Kh8 50. Qe8+ 1/2-1/2

[Event "EU-ch 23rd"]
[Site "Vrnjacka Banja"]
[Date "2023.03.04"]
[Round "2"]
[White "Kalogeris, Ioannis"]
[Black "Laurusas, Tomas"]
[Result "1/2-1/2"]
[WhiteElo "2409"]
[BlackElo "2571"]
[PlyCount "81"]
[EventDate "2023.03.03"]
[EventType "swiss"]
[EventRounds "11"]
[EventCountry "SRB"]
[SourceTitle "CBM 213"]
[Source "ChessBase"]
[SourceDate "2023.04.30"]
[SourceVersion "1"]
[SourceVersionDate "2023.04.30"]
[SourceQuality "1"]

1. e4 c5 2. Nf3 e6 3. d4 cxd4 4. Nxd4 a6 5. c4 Nf6 6. Nc3 Qc7 7. Qd3 Nc6 8. Nxc6 dxc6 9. Be2 Bc5 10. Be3 Bxe3 11. Qxe3 e5 12. 0-0 0-0 13. b4 a5 14. a3 Be6 15. Na4 axb4 16. axb4 Rfd8 17. Nc5 Rxa1 18. Rxa1 Bc8 19. Ra8 h6 20. h3 Kh7 21. Nd3 Re8 22. c5 Qe7 23. Nb2 Be6 24. Rxe8 Nxe8 25. Nc4 Bxc4 26. Bxc4 g6 27. Qd3 Kg7 28. g3 Nf6 29. Kg2 Nd7 30. Kf1 b6 31. cxb6 Nxb6 32. Qb3 Nd7 33. Kg2 Nf6 34. Bd3 h5 35. h4 Qa7 36. Qc3 Ng4 37. Qc5 Qxc5 38. bxc5 Nf6 39. Bc2 Nd7 40. Ba4 Nb8 41. Kf3 1/2-1/2

[Event "Titled Tuesday intern op 28th Feb Late"]
[Site "Chess.com INT"]
[Date "2023.02.28"]
[Round "2"]
[White "Kalogeris, Ioannis"]
[Black "Sjugirov, Sanan"]
[Result "0-1"]
[WhiteElo "2409"]
[BlackElo "2712"]
[PlyCount "66"]
[EventDate "2023.02.28"]
[EventType "swiss (blitz)"]
[EventRounds "11"]
[EventCountry "USA"]
[SourceTitle "CBM 213 Extra"]
[Source "ChessBase"]
[SourceDate "2023.05.31"]
[SourceVersion "1"]
[SourceVersionDate "2023.05.31"]
[SourceQuality "1"]

1. e4 d6 2. d4 Nf6 3. Nc3 e5 4. Nf3 Nbd7 5. Bc4 Be7 6. 0-0 0-0 7. h3 c6 8. a4 a5 9. Re1 h6 10. Be3 exd4 11. Nxd4 Nc5 12. Qf3 Nfd7 13. Nf5 Ne5 14. Qe2 Bxf5 15. exf5 Nxc4 16. Qxc4 d5 17. Qg4 Nd7 18. Bxh6 Bf6 19. Bf4 Qb6 20. Rab1 Rfe8 21. Rxe8+ Rxe8 22. Bd2 Ne5 23. Qf4 Nc4 24. b3 Nxd2 25. Qxd2 Qb4 26. Re1 Rxe1+ 27. Qxe1 Qxc3 28. Qe8+ Kh7 29. Qxf7 Qe1+ 30. Kh2 Be5+ 31. g3 Qxf2+ 32. Kh1 Qf3+ 33. Kg1 Bd4+ 0-1

[Event "Titled Tuesday intern op 07th Feb Late"]
[Site "Chess.com INT"]
[Date "2023.02.07"]
[Round "3"]
[White "Baskakov, Egor"]
[Black "Kalogeris, Ioannis"]
[Result "1-0"]
[WhiteElo "2215"]
[BlackElo "2409"]
[PlyCount "107"]
[EventDate "2023.02.07"]
[EventType "swiss (blitz)"]
[EventRounds "11"]
[EventCountry "USA"]
[SourceTitle "EXT 2024"]
[Source "ChessBase"]
[SourceDate "2023.10.10"]
[SourceVersion "1"]
[SourceVersionDate "2023.10.10"]
[SourceQuality "1"]

1. e4 e5 2. Nc3 Nc6 3. g3 Bc5 4. Bg2 d6 5. h3 a5 6. Nge2 Nf6 7. d3 Be6 8. Nd5 Qd7 9. c3 Bxd5 10. exd5 Ne7 11. c4 h6 12. 0-0 0-0 13. Kh2 Nf5 14. Nc3 Bd4 15. Bd2 a4 16. a3 Kh8 17. f4 Ne3 18. Bxe3 Bxe3 19. fxe5 dxe5 20. Rxf6 gxf6 21. Qf3 Bd4 22. Qxf6+ Kg8 23. Ne4 Ra6 24. d6 cxd6 25. Qxh6 d5 26. Nf6+ Rxf6 27. Qxf6 Qe6 28. Qg5+ Qg6 29. Qxg6+ fxg6 30. cxd5 Rc8 31. Rf1 Kg7 32. h4 b5 33. d6 Rd8 34. Bc6 Rxd6 35. Bxb5 Rb6 36. Bxa4 Rxb2+ 37. Kh3 Bc5 38. Bc6 Bxa3 39. Ra1 Bc5 40. Be4 Rb6 41. Ra7+ Kf6 42. Rd7 Rd6 43. Rc7 Bb6 44. Rb7 Be3 45. g4 Rb6 46. g5+ Ke6 47. Rxb6+ Bxb6 48. Bxg6 Bd8 49. Kg4 Be7 50. Be4 Bd8 51. h5 Be7 52. h6 Kf7 53. g6+ Kf6 54. g7 1-0

[Event "Titled Tuesday intern op 07th Feb Early"]
[Site "Chess.com INT"]
[Date "2023.02.07"]
[Round "9"]
[White "Kalogeris, Ioannis"]
[Black "Ahmadzada, Ahmad Samir"]
[Result "0-1"]
[WhiteElo "2409"]
[BlackElo "2487"]
[PlyCount "94"]
[EventDate "2023.02.07"]
[EventType "swiss (blitz)"]
[EventRounds "11"]
[EventCountry "USA"]
[SourceTitle "EXT 2024"]
[Source "ChessBase"]
[SourceDate "2023.10.10"]
[SourceVersion "1"]
[SourceVersionDate "2023.10.10"]
[SourceQuality "1"]

1. e4 d5 2. exd5 Qxd5 3. Nc3 Qd8 4. d4 Nf6 5. Nf3 Bg4 6. h3 Bxf3 7. Qxf3 c6 8. Be3 e6 9. 0-0-0 Nbd7 10. g4 Qa5 11. Kb1 Nd5 12. Nxd5 Qxd5 13. Qxd5 cxd5 14. f4 0-0-0 15. f5 exf5 16. Bf4 fxg4 17. Rd3 Nb8 18. Be2 g6 19. hxg4 Bd6 20. Rf3 Bxf4 21. Rxf4 Nc6 22. c3 Rd7 23. g5 Kc7 24. Bf3 Nd8 25. Bg4 Re7 26. Rf6 Ne6 27. Bxe6 fxe6 28. Rxg6 hxg6 29. Rxh8 e5 30. Rg8 e4 31. Kc1 Rf7 32. Rxg6 Rf1+ 33. Kd2 Rf2+ 34. Ke3 Rxb2 35. Rf6 Rxa2 36. Rf2 Rxf2 37. Kxf2 Kd6 38. g6 Ke7 39. c4 Kf6 40. cxd5 Kxg6 41. Ke3 Kf5 42. d6 Ke6 43. Kxe4 Kxd6 44. Kd3 Kd5 45. Kc3 a5 46. Kd3 b5 47. Kc3 b4+ 0-1

[Event "Titled Tuesday intern op 07th Feb Early"]
[Site "Chess.com INT"]
[Date "2023.02.07"]
[Round "7"]
[White "Kalogeris, Ioannis"]
[Black "Devaev, Alexander"]
[Result "1-0"]
[WhiteElo "2409"]
[BlackElo "2325"]
[PlyCount "103"]
[EventDate "2023.02.07"]
[EventType "swiss (blitz)"]
[EventRounds "11"]
[EventCountry "USA"]
[SourceTitle "EXT 2024"]
[Source "ChessBase"]
[SourceDate "2023.10.10"]
[SourceVersion "1"]
[SourceVersionDate "2023.10.10"]
[SourceQuality "1"]

1. e4 c6 2. d4 d5 3. e5 Bf5 4. Nd2 e6 5. Nb3 Nd7 6. Nf3 h6 7. Be2 a6 8. 0-0 Ne7 9. Bd2 Bg6 10. Ba5 b6 11. Bb4 Bh5 12. Ne1 Bxe2 13. Qxe2 a5 14. Bd6 a4 15. Nd2 Nf5 16. Bxf8 Nxf8 17. Qd3 h5 18. c4 Ng6 19. Nef3 0-0 20. g3 Qd7 21. Rfd1 Rfd8 22. Rac1 h4 23. c5 bxc5 24. Rxc5 Rdb8 25. Qc3 Rb6 26. Rc1 Nfe7 27. Kg2 Rab8 28. b3 axb3 29. Nxb3 Rb5 30. Rxb5 Rxb5 31. a4 Rb8 32. a5 Nf5 33. Nc5 Qa7 34. Ra1 Rb5 35. a6 Nge7 36. g4 Nh6 37. h3 Nc8 38. Nxh4 Nb6 39. Nf3 Nc4 40. Ra2 Kf8 41. Nd2 Ng8 42. Nxc4 dxc4 43. Qxc4 Ne7 44. Kg3 g6 45. h4 Kg7 46. Qd3 Nd5 47. h5 gxh5 48. Qf3 Rb8 49. gxh5 Rg8 50. Kh2 Kf8 51. Rb2 Kg7 52. Rb1 1-0

[Event "Titled Tuesday intern op 07th Feb Late"]
[Site "Chess.com INT"]
[Date "2023.02.07"]
[Round "8"]
[White "Kalogeris, Ioannis"]
[Black "Gadimbayli, Abdulla Azar"]
[Result "0-1"]
[WhiteElo "2409"]
[BlackElo "2507"]
[PlyCount "110"]
[EventDate "2023.02.07"]
[EventType "swiss (blitz)"]
[EventRounds "11"]
[EventCountry "USA"]
[SourceTitle "EXT 2024"]
[Source "ChessBase"]
[SourceDate "2023.10.10"]
[SourceVersion "1"]
[SourceVersionDate "2023.10.10"]
[SourceQuality "1"]

1. e4 e5 2. Nf3 d5 3. exd5 e4 4. Qe2 Nf6 5. Nc3 Be7 6. Nxe4 0-0 7. d3 Nxd5 8. Qd1 Re8 9. Be2 f5 10. Nc3 Nxc3 11. bxc3 Bf6 12. d4 Qe7 13. Be3 Kh8 14. Qd2 Bd7 15. Ne5 Bxe5 16. dxe5 Qxe5 17. Qd4 Nc6 18. Qxe5 Rxe5 19. 0-0-0 Be6 20. Bf3 Re8 21. a3 Bc4 22. Bxc6 bxc6 23. Rd4 Bd5 24. c4 Bxg2 25. Rg1 Be4 26. Rd7 R5e7 27. Rxe7 Rxe7 28. Bxa7 Kg8 29. a4 Re8 30. Bd4 g6 31. a5 Ra8 32. Bc3 Kf7 33. Rd1 Ke6 34. h4 h6 35. Rg1 f4 36. Kb2 Kf5 37. Kb3 g5 38. hxg5 hxg5 39. Kb4 Bxc2 40. f3 Bd3 41. Re1 Rb8+ 42. Kc5 Rb3 43. Bd4 Ra3 44. Re5+ Kg6 45. Kxc6 Bxc4 46. Rc5 Be2 47. Kxc7 Bxf3 48. Kb6 Be2 49. Rc6+ Kf5 50. Rc5+ Kg6 51. Rc6+ Kh5 52. Rc5 f3 53. Bf6 f2 54. Rxg5+ Kh6 55. Rf5 Rf3 0-1

[Event "Titled Tuesday intern op 07th Feb Early"]
[Site "Chess.com INT"]
[Date "2023.02.07"]
[Round "6"]
[White "Kalogeris, Ioannis"]
[Black "Manukian, Artak"]
[Result "1-0"]
[WhiteElo "2409"]
[BlackElo "2196"]
[PlyCount "107"]
[EventDate "2023.02.07"]
[EventType "swiss (blitz)"]
[EventRounds "11"]
[EventCountry "USA"]
[SourceTitle "EXT 2024"]
[Source "ChessBase"]
[SourceDate "2023.10.10"]
[SourceVersion "1"]
[SourceVersionDate "2023.10.10"]
[SourceQuality "1"]

1. e4 c6 2. d4 d5 3. e5 Bf5 4. Nf3 e6 5. Be2 c5 6. 0-0 Nc6 7. c3 Qb6 8. a3 a5 9. a4 c4 10. Na3 Nge7 11. Nb5 Nc8 12. Nh4 Bg6 13. f4 Be7 14. Qe1 Be4 15. g4 N6a7 16. Nxa7 Nxa7 17. f5 0-0-0 18. fxe6 Qxe6 19. Nf5 Bf8 20. Bg5 Rd7 21. Qh4 h6 22. Be3 h5 23. Qg3 Nc6 24. Qf2 g6 25. Ng3 hxg4 26. Nxe4 dxe4 27. Qf6 Bh6 28. Bxh6 Rxh6 29. Qxe6 fxe6 30. Bxg4 g5 31. Rf6 Rxf6 32. exf6 Nd8 33. Re1 Rf7 34. Rxe4 Rxf6 35. Re5 Kd7 36. Rxg5 Nc6 37. h4 Kd6 38. h5 e5 39. Rg6 Rxg6 40. hxg6 exd4 41. g7 Ne7 42. cxd4 Ng8 43. Be2 Kd5 44. Bf3+ Kxd4 45. Bxb7 Ke5 46. Ba6 Kd4 47. Kf2 c3 48. bxc3+ Kxc3 49. Kf3 Kd4 50. Kf4 Kd5 51. Kf5 Kd6 52. Kg6 Ke7 53. Bc4 Nf6 54. g8Q 1-0

[Event "Titled Tuesday intern op 07th Feb Late"]
[Site "Chess.com INT"]
[Date "2023.02.07"]
[Round "1"]
[White "Kalogeris, Ioannis"]
[Black "Todev, Simeon"]
[Result "1-0"]
[WhiteElo "2409"]
[BlackElo "2119"]
[PlyCount "77"]
[EventDate "2023.02.07"]
[EventType "swiss (blitz)"]
[EventRounds "11"]
[EventCountry "USA"]
[SourceTitle "EXT 2024"]
[Source "ChessBase"]
[SourceDate "2023.10.10"]
[SourceVersion "1"]
[SourceVersionDate "2023.10.10"]
[SourceQuality "1"]

1. e4 c5 2. Nf3 Nc6 3. Nc3 e6 4. Bb5 d5 5. exd5 exd5 6. 0-0 Be6 7. d4 Nf6 8. Re1 Be7 9. dxc5 0-0 10. Bxc6 bxc6 11. Be3 Rb8 12. Ne5 Qc7 13. Bf4 Bxc5 14. Ng6 Qb6 15. Nxf8 Bxf2+ 16. Kh1 Bxe1 17. Nxe6 Bxc3 18. bxc3 Ne4 19. Qd4 Qb1+ 20. Bc1 Nf6 21. Rxb1 Rxb1 22. Qe3 fxe6 23. h3 e5 24. Kh2 d4 25. cxd4 exd4 26. Qe6+ Kh8 27. Bg5 Ng8 28. Qxc6 Rb2 29. Qc4 h6 30. Bd8 Rb8 31. Qxd4 Rc8 32. c4 Kh7 33. c5 Kg6 34. c6 Kf7 35. Qd7+ Ne7 36. Qxe7+ Kg8 37. Qe6+ Kh7 38. Qxc8 g6 39. Qd7+ 1-0

[Event "Titled Tuesday intern op 07th Feb Late"]
[Site "Chess.com INT"]
[Date "2023.02.07"]
[Round "7"]
[White "Kozak, Adam"]
[Black "Kalogeris, Ioannis"]
[Result "0-1"]
[WhiteElo "2564"]
[BlackElo "2409"]
[PlyCount "44"]
[EventDate "2023.02.07"]
[EventType "swiss (blitz)"]
[EventRounds "11"]
[EventCountry "USA"]
[SourceTitle "EXT 2024"]
[Source "ChessBase"]
[SourceDate "2023.10.10"]
[SourceVersion "1"]
[SourceVersionDate "2023.10.10"]
[SourceQuality "1"]

1. c4 Nf6 2. Nc3 c6 3. e4 d5 4. e5 d4 5. exf6 dxc3 6. fxg7 cxd2+ 7. Qxd2 Qxd2+ 8. Bxd2 Bxg7 9. 0-0-0 Nd7 10. Nf3 Nc5 11. Bb4 b6 12. Bxc5 bxc5 13. Bd3 Rb8 14. b3 a5 15. Be4 Bd7 16. Rhe1 a4 17. Kc2 axb3+ 18. axb3 Ra8 19. Rd2 Ra2+ 20. Kd1 Ra3 21. Ng5 Bc3 22. Rd3 Ra1+ 0-1

[Event "Titled Tuesday intern op 07th Feb Early"]
[Site "Chess.com INT"]
[Date "2023.02.07"]
[Round "11"]
[White "Postny, Evgeny"]
[Black "Kalogeris, Ioannis"]
[Result "0-1"]
[WhiteElo "2551"]
[BlackElo "2409"]
[PlyCount "84"]
[EventDate "2023.02.07"]
[EventType "swiss (blitz)"]
[EventRounds "11"]
[EventCountry "USA"]
[SourceTitle "EXT 2024"]
[Source "ChessBase"]
[SourceDate "2023.10.10"]
[SourceVersion "1"]
[SourceVersionDate "2023.10.10"]
[SourceQuality "1"]

1. e4 e5 2. Nf3 Nc6 3. Bc4 Bc5 4. c3 Nf6 5. d3 0-0 6. 0-0 d6 7. h3 Bb6 8. a4 a6 9. Nbd2 Ne7 10. Bb3 Ng6 11. Nc4 Ba7 12. Be3 Be6 13. Bxa7 Rxa7 14. Ne3 Qd7 15. Bxe6 Qxe6 16. Re1 Raa8 17. Qc2 h6 18. c4 a5 19. Nd5 Ne8 20. d4 c6 21. Ne3 Nf6 22. d5 cxd5 23. Nxd5 Nxd5 24. cxd5 Qd7 25. Re3 Rfc8 26. Rc3 Rxc3 27. Qxc3 Nf4 28. Kh2 Rc8 29. Qxa5 Rc2 30. Rf1 Rxb2 31. Qc3 Ra2 32. a5 Qb5 33. Qc8+ Kh7 34. Qf5+ Kg8 35. Rc1 g6 36. Qf6 Qd7 37. Rf1 Nh5 38. Qh4 Rxa5 39. g4 Ra3 40. Nxe5 Qb5 41. Rc1 Nf4 42. Rc8+ Kg7 0-1

[Event "Titled Tuesday intern op 07th Feb Early"]
[Site "Chess.com INT"]
[Date "2023.02.07"]
[Round "3"]
[White "Yuan, Qingyu"]
[Black "Kalogeris, Ioannis"]
[Result "1/2-1/2"]
[WhiteElo "2373"]
[BlackElo "2409"]
[PlyCount "87"]
[EventDate "2023.02.07"]
[EventType "swiss (blitz)"]
[EventRounds "11"]
[EventCountry "USA"]
[SourceTitle "EXT 2024"]
[Source "ChessBase"]
[SourceDate "2023.10.10"]
[SourceVersion "1"]
[SourceVersionDate "2023.10.10"]
[SourceQuality "1"]

1. e4 e5 2. Nf3 Nc6 3. Bb5 a6 4. Ba4 Nf6 5. d3 b5 6. Bb3 Bc5 7. Nc3 d6 8. Nd5 h6 9. c3 Rb8 10. d4 exd4 11. cxd4 Ba7 12. Be3 0-0 13. 0-0 Ng4 14. Bf4 Ne7 15. e5 Bb7 16. Nxe7+ Qxe7 17. Re1 dxe5 18. Bxe5 Qd7 19. h3 Nxe5 20. Nxe5 Qxd4 21. Qxd4 Bxd4 22. Nd7 Bxb2 23. Rad1 c5 24. Nxb8 Rxb8 25. Bd5 Bd4 26. Bxb7 Rxb7 27. Re8+ Kh7 28. Ra8 Rb6 29. Kf1 h5 30. g3 Rf6 31. Rd2 h4 32. g4 Kg6 33. Kg2 Re6 34. Kf1 Kg5 35. Re2 Rd6 36. Re4 c4 37. f4+ Kg6 38. Rh8 c3 39. Rh5 c2 40. Rg5+ Kf6 41. Rf5+ Kg6 42. Rg5+ Kf6 43. Rf5+ Kg6 44. Rg5+ 1/2-1/2

[Event "Titled Tuesday intern op 31st Jan Early"]
[Site "Chess.com INT"]
[Date "2023.01.31"]
[Round "11"]
[White "Erzhanov, Arman"]
[Black "Kalogeris, Ioannis"]
[Result "0-1"]
[WhiteElo "2228"]
[BlackElo "2409"]
[PlyCount "102"]
[EventDate "2023.01.31"]
[EventType "swiss (blitz)"]
[EventRounds "11"]
[EventCountry "USA"]
[SourceTitle "CBM 212 Extra"]
[Source "ChessBase"]
[SourceDate "2023.03.31"]
[SourceVersion "1"]
[SourceVersionDate "2023.03.31"]
[SourceQuality "1"]

1. e4 e5 2. Nf3 Nc6 3. Bb5 a6 4. Ba4 b5 5. Bb3 Nf6 6. d3 Bc5 7. 0-0 0-0 8. c3 d6 9. a4 Bg4 10. h3 Bh5 11. Nbd2 Bb6 12. Re1 Rb8 13. Nf1 b4 14. Bc4 Qc8 15. Ng3 Bg6 16. Nh4 bxc3 17. bxc3 Na5 18. Ba2 Qb7 19. Rb1 Qa7 20. Qf3 Nb7 21. Bg5 Nd7 22. Nhf5 Kh8 23. h4 f6 24. Bd2 Bf7 25. Bxf7 Rxf7 26. h5 Nbc5 27. Ra1 Nb3 28. Ra2 Nxd2 29. Rxd2 Ba5 30. Rc2 Rb3 31. Rec1 Nf8 32. h6 g6 33. Ng7 Qb8 34. Qg4 Rb1 35. Kh2 Rxc1 36. Rxc1 Qb2 37. Ne2 Qd2 38. Qf3 Qxh6+ 39. Nh5 Qxh5+ 40. Qxh5 gxh5 41. Rb1 Bb6 42. f4 f5 43. fxe5 fxe4 44. d4 dxe5 45. dxe5 Ng6 46. e6 Re7 47. Ng3 Rxe6 48. Nxh5 e3 49. a5 Ba7 50. Rb7 e2 51. Rxa7 Re8 0-1

[Event "Titled Tuesday intern op 31st Jan Early"]
[Site "Chess.com INT"]
[Date "2023.01.31"]
[Round "4"]
[White "Grandelius, Nils"]
[Black "Kalogeris, Ioannis"]
[Result "1-0"]
[WhiteElo "2660"]
[BlackElo "2409"]
[PlyCount "97"]
[EventDate "2023.01.31"]
[EventType "swiss (blitz)"]
[EventRounds "11"]
[EventCountry "USA"]
[SourceTitle "CBM 212 Extra"]
[Source "ChessBase"]
[SourceDate "2023.03.31"]
[SourceVersion "1"]
[SourceVersionDate "2023.03.31"]
[SourceQuality "1"]

1. Nf3 d5 2. e3 Nf6 3. c4 c6 4. Qc2 g6 5. Qc3 Bg7 6. b3 0-0 7. Bb2 Ne8 8. Qc1 Bg4 9. Be2 Nd7 10. Bxg7 Kxg7 11. cxd5 cxd5 12. 0-0 Rc8 13. Qb2+ Nef6 14. Nc3 e5 15. h3 Bxf3 16. Bxf3 Nb6 17. Rac1 Qe7 18. d3 Rfd8 19. Rfe1 Kg8 20. Nb1 a6 21. Nd2 Nbd7 22. b4 Qd6 23. a3 Rc6 24. Rxc6 Qxc6 25. Rc1 Qb5 26. Be2 h5 27. Nf3 Re8 28. d4 Qb6 29. dxe5 Ne4 30. Qd4 Kg7 31. Qxb6 Nxb6 32. Rc7 Na4 33. Rxb7 Nac3 34. Bxa6 g5 35. g4 hxg4 36. hxg4 Kg6 37. Bd3 Ra8 38. Rb6+ Kg7 39. Ra6 Rc8 40. Nd4 Nd1 41. Rc6 Ra8 42. Nf5+ Kh7 43. Bxe4 dxe4 44. Rf6 Kg8 45. Nh6+ Kg7 46. Nxf7 Rxa3 47. Nxg5 Ra1 48. Kg2 Ra2 49. Kg3 1-0

[Event "Titled Tuesday intern op 31st Jan Early"]
[Site "Chess.com INT"]
[Date "2023.01.31"]
[Round "7"]
[White "Hoffmann, Asa"]
[Black "Kalogeris, Ioannis"]
[Result "0-1"]
[WhiteElo "2185"]
[BlackElo "2409"]
[PlyCount "154"]
[EventDate "2023.01.31"]
[EventType "swiss (blitz)"]
[EventRounds "11"]
[EventCountry "USA"]
[SourceTitle "CBM 212 Extra"]
[Source "ChessBase"]
[SourceDate "2023.03.31"]
[SourceVersion "1"]
[SourceVersionDate "2023.03.31"]
[SourceQuality "1"]

1. d4 Nf6 2. Bg5 Ne4 3. Bf4 d5 4. f3 Nd6 5. Nc3 c6 6. e4 e6 7. Bd3 Nd7 8. Qd2 Be7 9. Nge2 Nc4 10. Bxc4 dxc4 11. 0-0-0 Qa5 12. Kb1 b5 13. Ka1 b4 14. Nb1 0-0 15. d5 cxd5 16. exd5 exd5 17. Qxd5 Qxd5 18. Rxd5 Nb6 19. Rdd1 Bf6 20. c3 a5 21. Nd4 Bd7 22. Rhe1 Rfc8 23. g4 h6 24. Be5 Bh4 25. Re2 Na4 26. Bg3 Bf6 27. Be5 Bh4 28. Bg3 Bd8 29. Nf5 Bxf5 30. gxf5 Bf6 31. Be5 Re8 32. Rde1 Bh4 33. Bg3 Rxe2 34. Rxe2 Bf6 35. Be5 Re8 36. f4 Rd8 37. Bxf6 gxf6 38. Re1 Rd3 39. cxb4 axb4 40. Rc1 Rd4 41. b3 Nb6 42. bxc4 Nxc4 43. Rf1 Kf8 44. a4 bxa3 45. Ka2 Rd3 46. Rc1 Nd6 47. Nxa3 Nxf5 48. Rc5 Nd4 49. Rh5 Rd2+ 50. Kb1 Kg7 51. Nc4 Rf2 52. Rh4 Nf5 53. Rh3 Rxf4 54. Ne3 Nxe3 55. Rxe3 Rf1+ 56. Kc2 Rf2+ 57. Kd3 Rxh2 58. Rg3+ Kf8 59. Ke4 Rh5 60. Kf4 Rg5 61. Rh3 Kg7 62. Rh1 Kg6 63. Rh2 f5 64. Rh1 Rg4+ 65. Kf3 Kg5 66. Rh2 h5 67. Rh1 f4 68. Rh2 Rg3+ 69. Kf2 Kg4 70. Rh1 f5 71. Rh2 h4 72. Rh1 f3 73. Rh2 Rg2+ 74. Rxg2+ fxg2 75. Kxg2 f4 76. Kh2 Kf3 77. Kh3 Ke2 0-1

[Event "Titled Tuesday intern op 31st Jan Early"]
[Site "Chess.com INT"]
[Date "2023.01.31"]
[Round "1"]
[White "Kalogeris, Ioannis"]
[Black "Deac, Bogdan Daniel"]
[Result "1-0"]
[WhiteElo "2409"]
[BlackElo "2700"]
[PlyCount "111"]
[EventDate "2023.01.31"]
[EventType "swiss (blitz)"]
[EventRounds "11"]
[EventCountry "USA"]
[SourceTitle "CBM 212 Extra"]
[Source "ChessBase"]
[SourceDate "2023.03.31"]
[SourceVersion "1"]
[SourceVersionDate "2023.03.31"]
[SourceQuality "1"]

1. e4 g6 2. d4 Bg7 3. Nf3 d6 4. h3 c5 5. d5 Nf6 6. Nc3 0-0 7. Be2 b5 8. e5 dxe5 9. Bxb5 Bb7 10. Be3 Nxd5 11. Nxd5 Bxd5 12. 0-0 a6 13. Ba4 c4 14. c3 Nc6 15. Nd2 Qc7 16. Qe2 Na5 17. Rfd1 Rab8 18. Rab1 e6 19. Bg5 h6 20. Bh4 f5 21. f3 Nb7 22. Bc2 Nd6 23. Bg3 Nf7 24. Kh1 Rb7 25. Re1 Rfb8 26. b3 cxb3 27. Bxb3 Bxb3 28. Nxb3 Qxc3 29. Rbc1 Qb4 30. Qxa6 Qb6 31. Qc4 Ra8 32. Nc5 Re7 33. a4 f4 34. Bf2 Qa5 35. Qe4 Rae8 36. Qxg6 Rb8 37. Nxe6 Nh8 38. Qf5 Rbe8 39. Nxf4 Rf7 40. Qh5 Qxa4 41. Nd3 Qa2 42. Be3 Qd5 43. Nf2 Qe6 44. Ng4 Ref8 45. Bxh6 Re7 46. Bxg7 Kxg7 47. Qg5+ Ng6 48. Rxe5 Qd6 49. Rxe7+ Qxe7 50. Qxe7+ Nxe7 51. Kh2 Rd8 52. Rc7 Kf8 53. h4 Rd2 54. Ne5 Nd5 55. Rd7 Ke8 56. h5 1-0

[Event "Titled Tuesday intern op 31st Jan Early"]
[Site "Chess.com INT"]
[Date "2023.01.31"]
[Round "5"]
[White "Kalogeris, Ioannis"]
[Black "Heinemann, Josefine"]
[Result "1-0"]
[WhiteElo "2409"]
[BlackElo "2336"]
[PlyCount "63"]
[EventDate "2023.01.31"]
[EventType "swiss (blitz)"]
[EventRounds "11"]
[EventCountry "USA"]
[SourceTitle "CBM 212 Extra"]
[Source "ChessBase"]
[SourceDate "2023.03.31"]
[SourceVersion "1"]
[SourceVersionDate "2023.03.31"]
[SourceQuality "1"]

1. e4 e5 2. Nf3 Nc6 3. Bb5 a6 4. Ba4 Nf6 5. Bxc6 dxc6 6. d3 Bd6 7. 0-0 Bg4 8. Nbd2 Qe7 9. Nc4 Nd7 10. Ne3 h5 11. h3 Bxf3 12. Qxf3 g6 13. a4 0-0-0 14. Nc4 Nf8 15. c3 Ne6 16. b4 g5 17. Qf5 Kb8 18. b5 a5 19. bxc6 b6 20. Nxe5 Bxe5 21. Qxe5 f6 22. Qb5 Qc5 23. d4 Qxc3 24. Bb2 Qc2 25. d5 Nc5 26. Rfc1 Qxe4 27. Rxc5 Ka7 28. Bxf6 Rhf8 29. Bxd8 Rxd8 30. Rb1 g4 31. Qxa5+ bxa5 32. Rxa5# 1-0